| 000 | 00768nam a22002057a 4500 | ||
|---|---|---|---|
| 003 | OSt | ||
| 005 | 20260316060515.0 | ||
| 008 | 260316b |||||||| |||| 00| 0 eng d | ||
| 020 | _a978-0-14-240885-8 | ||
| 040 |
_aDWCL GS lib _cOC |
||
| 100 | _aTITCHIE, MADONNA | ||
| 245 |
_aThe english rose: a rose by any other name: book 4 _cTITCHIE, MADONNA |
||
| 260 |
_aNew York _b Puffin Books _c2007 |
||
| 300 |
_avii,125 pages. _c19cm. |
||
| 520 | _aA Rose by Any Other Name is the fourth book in The English Roses chapter book series written by Madonna and illustrated by Jeffrey Fulvimari. | ||
| 546 | _aEnglish | ||
| 650 | _2Juvenile Fiction, Children's Fiction | ||
| 650 | _2Children's Literature, Contemporary Realistic Fiction. | ||
| 942 |
_2ddc _cFIC. _hFic. _n0 |
||
| 999 |
_c9145 _d9145 |
||